00798nam a22002057a 450000500170000001000150001702000260003203500140005803700190007203700090009108200160010010000380011624501160015426000340027027000640030430000210036894200300038999900190041995201540043820241224123844.0 aENG-142288 c400.00a9789393734938 aEN-125820 bExceller Books bDBAD a364.1680954 aAwaf, Abdul-Karim Mohammed975625 aRising from the Ashes:b A Fight Against Corruption/cby Abdul-Karim Mohammed Awaf [and] Alidu (J-Aakia) Bayana aKolkatabExceller Booksc2024 aG1 Dream Apartment, Degree College Roadb Belgharia,Kolkata a206p. c21cm(pb) 2ddccENmAWAh364.1680954 c207934d207934 001040708NFICaLbLd2024-12-24eDelivery of Books Divisiong400.00l0oAWA 364.1680954pEN-125820r2024-12-24 00:00:00t1v400.00w2024-12-24yEN